| 000 | 00577nam a22001697a 4500 | ||
|---|---|---|---|
| 003 | OSt | ||
| 005 | 20260211151935.0 | ||
| 008 | 260211b |||||||| |||| 00| 0 eng d | ||
| 040 | _cMRSPTU | ||
| 041 | _aEnglish | ||
| 100 | _aAqib Gulzar Reshi, Supervisor: Dr. Sanjiv Kumar Aggarwal | ||
| 245 | _aEvaluation and Calibration of Compressive Strength of Concrete Using Non-Destructive Testing | ||
| 260 |
_bDepartment of Civil Engg. MRSPTU, Bathinda _c2019 |
||
| 650 | _aCivil Engineering | ||
| 856 | _uhttp://163.47.215.52:8080/jspui/handle/123456789/310 | ||
| 942 |
_2ddc _cTH _n0 |
||
| 999 |
_c10900 _d10900 |
||